00486 a2200169 450000100060000002000180000604000240002410000240004824000360007224500310010830000090013936200090014865000310015794200070018895201040019599900170029947459 a9788535632958 cAnchieta - Aquarius aModéré, Armelle10aMeu primeiro dia na escolalpor10aMeu primeiro dia na escola a35p.0 a2013 4aLiteratura infanto-juvenil cBK 00104070a87.1b87.1d2023-11-21l0o028.5 SAB MEUp6170/AQUr2023-11-21 15:14:19w2023-11-21yBK c47459d47459